000 00607nam a2200181Ia 4500
008 151018s9999 xx 000 0 und d
082 _bRBASDV9752
_a891.463
100 _aसुदर्शन नारंग
245 _aअंधार सावल्या
250 _b1
260 _bसुरस प्रकाशन पंजाब
_c1974
300 _a154
600 _aसुदर्शन नारंग
630 _aअंधार सावल्या
700 _aसुदर्शन नारंग
730 _aअंधार सावल्या
942 _cBOOK
999 _c1012116
_d1012113